Plan estratégico para la gestión del espacio e infraestructura pública a través de herramientas urbanas : cantón de Mora
Gorde:
| Egile nagusia: | |
|---|---|
| Beste egile batzuk: | , , |
| Formatua: | Ezezaguna |
| Hizkuntza: | Spanish |
| Argitaratua: |
San José, Costa Rica,
2014.
|
| Gaiak: | |
| Etiketak: |
Etiketa erantsi
Etiketarik gabe, Izan zaitez lehena erregistro honi etiketa jartzen!
|
MARC
| LEADER | 00000 a2200000 4500 | ||
|---|---|---|---|
| 003 | EA0094 | ||
| 005 | 20230213113008.0 | ||
| 008 | 140114s2014 cr 000 ||spa d | ||
| 040 | |c cru CEDI | ||
| 090 | |a TFG EA-094 | ||
| 100 | |a Calderón Sánchez, Geovanna |9 20137 | ||
| 245 | |a Plan estratégico para la gestión del espacio e infraestructura pública a través de herramientas urbanas : cantón de Mora | ||
| 260 | |a San José, Costa Rica, |c 2014. | ||
| 500 | |a Seminario de graduación (licenciatura en arquitectura)--Universidad de Costa Rica. Facultad de Ingeniería. Escuela de Arquitectura, | ||
| 501 | |a Director de Seminario de Graduación: Magister Guido Muñoz Solano | ||
| 650 | |x ESPACIOS PUBLICOS - ASPECTOS SOCIALES |x AREAS DE RECREACION - ASPECTOS LEGALES - COSTA RICA |x ESPACIOS URBANOS - MORA (SAN JOSE, COSTA RICA) |x REHABILITACION URBANA - MORA (SAN JOSE, COSTA RICA) |9 20140 | ||
| 700 | |9 20139 |a Corrales González, Jason | ||
| 700 | |a Segura Solano, Judith |9 20141 | ||
| 700 | |a Guido Muñoz Solano, 1976- |9 104 |d Director del TFG | ||
| 942 | |c CEDI | ||
| 999 | |c 12908 |d 12908 | ||
